Engineering Optimization: Theory and Practice (Record no. 14750)
[ view plain ]
| 000 -LEADER | |
|---|---|
| fixed length control field | 00353nam a22001337a 4500 |
| 020 ## - INTERNATIONAL STANDARD BOOK NUMBER | |
| ISBN | 8122411495 |
| 082 ## - DEWEY DECIMAL CLASSIFICATION NUMBER | |
| Classification number | 519.3 |
| Item number | RAO/EN |
| 100 ## - MAIN ENTRY--AUTHOR NAME | |
| Personal name | Rao,Singiresu S. |
| 245 ## - TITLE STATEMENT | |
| Title | Engineering Optimization: Theory and Practice |
| 250 ## - EDITION STATEMENT | |
| Edition statement | 3 rd |
| 260 ## - PUBLICATION, DISTRIBUTION, ETC. (IMPRINT) | |
| Place of publication | New Delhi |
| Name of publisher | New Age International (P) Limited, Publishers |
| Year of publication | 2003 |
| 300 ## - PHYSICAL DESCRIPTION | |
| Number of Pages | 903 |
| 942 ## - ADDED ENTRY ELEMENTS (KOHA) | |
| Koha item type | Book Bank scheme for SC students |
| Withdrawn status | Lost status | Damaged status | Collection code | Home library | Current library | Shelving location | Date acquired | Source of acquisition | Cost, normal purchase price | Full call number | Accession Number | Koha item type |
|---|---|---|---|---|---|---|---|---|---|---|---|---|
| KAUAET | KAUAET | Scheme | 29/08/2016 | Cosmo Books, Thrissur. | 295.00 | 519.3 RAO/EN | BB 37 | Book Bank scheme for SC students | ||||
| KAUAET | KAUAET | Scheme | 29/08/2016 | Cosmo Books, Thrissur. | 295.00 | 519.3 RAO/EN | BB 38 | Book Bank scheme for SC students |
